000 00798nam a22002057a 4500
999 _c11089
_d11089
003 AR-CdUCM
008 190402b ||||| |||| 00| 0 spa d
040 _aMUNICIPALIDAD PROVINCIAL DEL CUSCO
_cBIBLIOTECA MUNICIPAL DEL CUSCO
082 _a759.974 /
_bC73 / 1947
100 _aCouto, José Bernardo
_928238
245 _aDiálogo sobre la historia de la pintura en México /
260 _aMéxico :
_bFondo de Cultura Económico,
_c1947.
300 _a162 páginas ;
_bIlustraciones,
_c22 cm.
440 _aLiteratura moderna / pensamiento y acción ;
_928239
505 _aContenido: Noticia biográfica de José Bernardo Couto -- Dialogo sobre la historia de la pintura en México ...
650 _aPintura mexicana
_928240
650 _aHistoria
_9136
942 _2ddc
_cLIBROS
945 _aacv